Die Struktur wissenschaftlicher Revolutionen
| Main Author: | |
|---|---|
| Contributors: | |
| Format: | Print Book |
| Language: | German |
| Published: |
Frankfurt am Main
Suhrkamp
1976
|
| In: | Year: 1976 |
| Edition: | 2., rev. u. um das Postskriptum von 1969 erg. Aufl |
| Online Access: |
Table of Contents Table of Contents |
| Availability in Tübingen: | Present in Tübingen. IFK: O I 54 |
| Check availability: | HBZ Gateway |
| Subito Delivery Service: | Order now. |
| Keywords: |
MARC
| LEADER | 00000cam a2200000 c 4500 | ||
|---|---|---|---|
| 001 | 232422508 | ||
| 003 | DE-627 | ||
| 005 | 20260206202339.0 | ||
| 007 | tu | ||
| 008 | 970818s1976 gw ||||| 00| ||ger c | ||
| 015 | |a 79,N25,0003 |2 dnb | ||
| 015 | |a 80,A38,0003 |2 dnb | ||
| 016 | 7 | |a 801108233 |2 DE-101 | |
| 020 | |a 3518076256 |c kart. : DM 10.00 |9 3-518-07625-6 | ||
| 020 | |a 9783518276259 |9 978-3-518-27625-9 | ||
| 020 | |a 3518276255 |9 3-518-27625-5 | ||
| 035 | |a (DE-627)232422508 | ||
| 035 | |a (DE-603)022613102 | ||
| 035 | |a (DE-576)005812127 | ||
| 035 | |a (DE-599)GBV232422508 | ||
| 035 | |a (OCoLC)254256707 | ||
| 035 | |a (OCoLC)254256707 | ||
| 035 | |a (OCoLC)530505487 | ||
| 035 | |a (DE-604)8019508026 | ||
| 040 | |a DE-627 |b ger |c DE-627 |e rakwb | ||
| 041 | |a ger | ||
| 044 | |c XA-DE |c XA-DE-HE | ||
| 084 | |a 01a |a 03a |2 sdnb | ||
| 084 | |a CC 3000 |2 rvk |0 (DE-625)rvk/17612: | ||
| 084 | |a CC 3200 |2 rvk |0 (DE-625)rvk/17614: | ||
| 084 | |a MR 1050 |2 rvk |0 (DE-625)rvk/123484: | ||
| 084 | |a MS 6950 |2 rvk |0 (DE-625)rvk/123772: | ||
| 084 | |a AK 16000 |2 rvk |0 (DE-625)rvk/2526: | ||
| 084 | |a AK 20000 |2 rvk |0 (DE-625)rvk/2542: | ||
| 084 | |a CI 6433 |2 rvk |0 (DE-625)rvk/18535:11797 | ||
| 084 | |a DM 2000 |2 rvk |0 (DE-625)rvk/19699:761 | ||
| 084 | |a ES 350 |2 rvk |0 (DE-625)rvk/27829: | ||
| 084 | |a MB 3000 |2 rvk |0 (DE-625)rvk/122307: | ||
| 084 | |a MB 3200 |2 rvk |0 (DE-625)rvk/122311: | ||
| 084 | |a BF 9000 |2 rvk |0 (DE-625)rvk/11182: | ||
| 084 | |a MS 1120 |2 rvk |0 (DE-625)rvk/123550: | ||
| 084 | |a CB 3800 |2 rvk |0 (DE-625)rvk/17582: | ||
| 084 | |a NU 1500 |2 rvk |0 (DE-625)rvk/131112: | ||
| 084 | |a QB 100 |2 rvk |0 (DE-625)rvk/141210: | ||
| 084 | |a UB 6000 |2 rvk |0 (DE-625)rvk/145511: | ||
| 084 | |a 02.02 |2 bkl | ||
| 100 | 1 | |a Kuhn, Thomas S. |d 1922-1996 |0 (DE-588)118567918 |0 (DE-627)079364187 |0 (DE-576)270147241 |4 aut | |
| 109 | |a Kuhn, Thomas S. 1922-1996 |a Kuhn, Thomas Samuel 1922-1996 |a Kuhn, Thomas 1922-1996 |a Kun, T. 1922-1996 |a Kun, To ma seu S. 1922-1996 |a Kuhn, T. S. 1922-1996 |a Kiuhn, Th. S. 1922-1996 |a Kūn, Tūmās 1922-1996 |a Kun, Tomas S. 1922-1996 |a Qūn, Tōmās S. 1922-1996 | ||
| 240 | 1 | 4 | |a The structure of scientific revolutions <dt.> |
| 245 | 1 | 4 | |a Die Struktur wissenschaftlicher Revolutionen |c Thomas S. Kuhn. Übers. von Hermann Vetter |
| 250 | |a 2., rev. u. um das Postskriptum von 1969 erg. Aufl | ||
| 263 | |a DM 8.00 | ||
| 264 | 1 | |a Frankfurt am Main |b Suhrkamp |c 1976 | |
| 300 | |a 238 S |c 18 cm | ||
| 336 | |a Text |b txt |2 rdacontent | ||
| 337 | |a ohne Hilfsmittel zu benutzen |b n |2 rdamedia | ||
| 338 | |a Band |b nc |2 rdacarrier | ||
| 490 | 0 | |a Suhrkamp Taschenbuch Wissenschaft |v 25 | |
| 500 | |a 11.-18. Tsd | ||
| 583 | 1 | |a Massenentsäuert |c 2016 |k DE-18 |2 pdager |5 DE-18-308 | |
| 583 | 1 | |a Archivierung prüfen |c 20240324 |f DE-4165 |z 2 |2 pdager | |
| 650 | 0 | 7 | |0 (DE-588)4041421-8 |0 (DE-627)106219324 |0 (DE-576)209044837 |a Naturwissenschaften |2 gnd |
| 650 | 0 | 7 | |0 (DE-588)4044590-2 |0 (DE-627)106204920 |0 (DE-576)20906157X |a Paradigma |g Wissenschaftstheorie |2 gnd |
| 650 | 0 | 7 | |0 (DE-588)4173259-5 |0 (DE-627)105381330 |0 (DE-576)209948981 |a Paradigma |2 gnd |
| 650 | 0 | 7 | |0 (DE-588)4066562-8 |0 (DE-627)104393998 |0 (DE-576)209165138 |a Wissenschaft |2 gnd |
| 650 | 0 | 7 | |0 (DE-588)4127252-3 |0 (DE-627)105726141 |0 (DE-576)209592060 |a Wissenschaftliche Revolution |2 gnd |
| 650 | 4 | |a Revolution, Geschichtsschreibung | |
| 689 | 0 | 0 | |d s |0 (DE-588)4127252-3 |0 (DE-627)105726141 |0 (DE-576)209592060 |a Wissenschaftliche Revolution |2 gnd |
| 689 | 0 | 1 | |d s |0 (DE-588)4044590-2 |0 (DE-627)106204920 |0 (DE-576)20906157X |a Paradigma |g Wissenschaftstheorie |2 gnd |
| 689 | 0 | 2 | |d s |0 (DE-588)4041421-8 |0 (DE-627)106219324 |0 (DE-576)209044837 |a Naturwissenschaften |2 gnd |
| 689 | 0 | |5 DE-101 | |
| 689 | 1 | 0 | |d s |0 (DE-588)4127252-3 |0 (DE-627)105726141 |0 (DE-576)209592060 |a Wissenschaftliche Revolution |2 gnd |
| 689 | 1 | 1 | |d s |0 (DE-588)4044590-2 |0 (DE-627)106204920 |0 (DE-576)20906157X |a Paradigma |g Wissenschaftstheorie |2 gnd |
| 689 | 1 | 2 | |d s |0 (DE-588)4041421-8 |0 (DE-627)106219324 |0 (DE-576)209044837 |a Naturwissenschaften |2 gnd |
| 689 | 1 | |5 (DE-627) | |
| 700 | 1 | |a Vetter, Hermann |d 1933- |e Übers. |0 (DE-588)1027176801 |0 (DE-627)728508079 |0 (DE-576)372561063 |4 oth | |
| 700 | 1 | 2 | |a Kuhn, Thomas S. |d 1922-1996 |t The structure of scientific revolutions <dt.> |
| 856 | 4 | 2 | |u http://scans.hebis.de/HEBCGI/show.pl?02261310_toc.pdf |m V:DE-603;B:DE-17 |q application/pdf |3 Inhaltsverzeichnis |7 1 |
| 856 | 4 | 2 | |u http://www3.ub.tu-berlin.de/ihv/000396423.pdf |x Verlag |3 Inhaltsverzeichnis |7 1 |
| 889 | |w (DE-627)043463924 | ||
| 935 | |i mdedup | ||
| 935 | |i Blocktest | ||
| 936 | r | v | |a CC 3000 |b Geschichte der allgemeinen Wissenschaftstheorie |k Philosophie |k Systematische Philosophie |k Allgemeine Wissenschaftstheorie |k Geschichte der allgemeinen Wissenschaftstheorie |0 (DE-627)1270638742 |0 (DE-625)rvk/17612: |0 (DE-576)200638742 |
| 936 | r | v | |a CC 3200 |b Abhandlungen zur allgemeinen Wissenschaftstheorie |k Philosophie |k Systematische Philosophie |k Allgemeine Wissenschaftstheorie |k Abhandlungen zur allgemeinen Wissenschaftstheorie |0 (DE-627)1270638769 |0 (DE-625)rvk/17614: |0 (DE-576)200638769 |
| 936 | r | v | |a MR 1050 |b Allgemeine (philosophische) Abhandlungen |k Soziologie |k Sozialwissenschaftliche Theorien und Methoden |k Wissenschaftstheorie und Erkenntnistheorie |k Allgemeine (philosophische) Abhandlungen |0 (DE-627)1271427443 |0 (DE-625)rvk/123484: |0 (DE-576)201427443 |
| 936 | r | v | |a MS 6950 |b Allgemeines (Wissenschaft und Gesellschaft, Informationsgesellschaft) |k Soziologie |k Spezielle Soziologien |k Wissenssoziologie |k Allgemeines (Wissenschaft und Gesellschaft, Informationsgesellschaft) |0 (DE-627)1271441543 |0 (DE-625)rvk/123772: |0 (DE-576)201441543 |
| 936 | r | v | |a AK 16000 |b Allgemeines |k Allgemeines |k Wissenschaftskunde und Wissenschaftsorganisation |k Biografien, Geschichte |k Allgemeines |0 (DE-627)1270656554 |0 (DE-625)rvk/2526: |0 (DE-576)200656554 |
| 936 | r | v | |a AK 20000 |b Allgemeines |k Allgemeines |k Wissenschaftskunde und Wissenschaftsorganisation |k Wissenschaftstheorie |k Allgemeines |0 (DE-627)1270656686 |0 (DE-625)rvk/2542: |0 (DE-576)200656686 |
| 936 | r | v | |a CI 6433 |b Primärliteratur |k Philosophie |k Geschichte der Philosophie |k Geschichte der Philosophie des Abendlandes von Antike bis 20. Jahrhundert |k Philosophie des 20. Jahrhunderts |k Großbritannien, Nordamerika und angelsächsischer Sprachraum |k Autoren |k Kuhn, Thomas S. |k Primärliteratur |0 (DE-627)1270888900 |0 (DE-625)rvk/18535:11797 |0 (DE-576)200888900 |
| 936 | r | v | |a DM 2000 |b Allgemeines und Deutschland |k Pädagogik |k Universität, Hochschule, Forschung und Wissenschaft |k Theorie und Reform |k Allgemeines und Deutschland |0 (DE-627)1270782215 |0 (DE-625)rvk/19699:761 |0 (DE-576)200782215 |
| 936 | r | v | |a ES 350 |b Geisteswissenschaften |k Allgemeine und vergleichende Sprach- und Literaturwissenschaft. Indogermanistik. Außereuropäische Sprachen und Literaturen |k Spezialbereiche der allgemeinen Sprachwissenschaft |k Beziehungen zu anderen Wissenschaften |k Geisteswissenschaften |0 (DE-627)1271406934 |0 (DE-625)rvk/27829: |0 (DE-576)201406934 |
| 936 | r | v | |a MB 3000 |b Allgemeines und Beziehungen zu mehreren Bereichen |k Politologie |k Grundlagen und Selbstverständnis des Faches |k Beziehungen der Politik zu anderen Disziplinen und Bereichen. Politik und Wissenschaft |k Allgemeines und Beziehungen zu mehreren Bereichen |0 (DE-627)1271424274 |0 (DE-625)rvk/122307: |0 (DE-576)201424274 |
| 936 | r | v | |a MB 3200 |b Politik und Psychologie |k Politologie |k Grundlagen und Selbstverständnis des Faches |k Beziehungen der Politik zu anderen Disziplinen und Bereichen. Politik und Wissenschaft |k Politik und Psychologie |0 (DE-627)1271424312 |0 (DE-625)rvk/122311: |0 (DE-576)201424312 |
| 936 | r | v | |a BF 9000 |b Wissenschaftstheorie |k Theologie und Religionswissenschaften |k Philosophie |k Systematische Philosophie |k Wissenschaftstheorie |0 (DE-627)1270721828 |0 (DE-625)rvk/11182: |0 (DE-576)200721828 |
| 936 | r | v | |a MS 1120 |b Beschreibung einzelner Institutionen (auch science) |k Soziologie |k Spezielle Soziologien |k Gesamtgesellschaften |k Beschreibung einzelner Institutionen (auch science) |0 (DE-627)1271440148 |0 (DE-625)rvk/123550: |0 (DE-576)201440148 |
| 936 | r | v | |a CB 3800 |b Allgemeine philosophische Hand- und Lehrbücher |k Philosophie |k Allgemeines |k Lexika, Nachschlagewerke, Enzyklopädien, Gesammelte Abhandlungen |k Allgemeine philosophische Hand- und Lehrbücher |0 (DE-627)127063853X |0 (DE-625)rvk/17582: |0 (DE-576)20063853X |
| 936 | r | v | |a NU 1500 |b Allgemeines |k Geschichte |k Geschichte der Wissenschaften und des Unterrichtswesens |k Geschichte der Wissenschaften |k Allgemeines |k Allgemeines |0 (DE-627)1441072365 |0 (DE-625)rvk/131112: |0 (DE-576)371072360 |
| 936 | r | v | |a QB 100 |b Reichweite und Methoden der Wirtschaftswissenschaften |k Wirtschaftswissenschaften |k Allgemeines. Methoden der Wirtschaftswissenschaften. Unterrichts- und Ausbildungsmethoden in den Wirtschaftswissenschaften, Wirtschaftspädagogik |k Allgemeines |k Reichweite und Methoden der Wirtschaftswissenschaften |0 (DE-627)1270876902 |0 (DE-625)rvk/141210: |0 (DE-576)200876902 |
| 936 | r | v | |a UB 6000 |b Physik und Philosophie allgemein |k Physik |k Allgemeine Nachschlagewerke, Bibliografien, Geschichte und Philosophie der Physik |k Physik und Philosophie |k Physik und Philosophie allgemein |0 (DE-627)1270883321 |0 (DE-625)rvk/145511: |0 (DE-576)200883321 |
| 936 | b | k | |a 02.02 |j Wissenschaftstheorie |0 (DE-627)106403435 |
| 936 | s | n | |a a100 |2 mzub |
| 936 | s | n | |a b100 |2 mzub |
| 936 | s | n | |a c100 |2 mzub |
| 936 | s | n | |a d100 |2 mzub |
| 936 | s | n | |a e200 |2 mzub |
| 936 | s | n | |a m100 |2 mzub |
| 936 | s | n | |a m200 |2 mzub |
| 936 | s | n | |a n100 |2 mzub |
| 936 | s | n | |a q100 |2 mzub |
| 936 | s | n | |a u100 |2 mzub |
| 951 | |a BO | ||
| ELC | |b 1 | ||
| LOK | |0 000 xxxxxcx a22 zn 4500 | ||
| LOK | |0 001 3113698502 | ||
| LOK | |0 003 DE-627 | ||
| LOK | |0 004 232422508 | ||
| LOK | |0 005 20140522093934 | ||
| LOK | |0 008 950425||||||||||||||||ger||||||| | ||
| LOK | |0 040 |a DE-21-110 |c DE-627 |d DE-21-110 | ||
| LOK | |0 689 |a s |a Wissenschaftstheorie | ||
| LOK | |0 852 |a DE-21-110 | ||
| LOK | |0 852 1 |c O I 54 |m p |9 00 | ||
| LOK | |0 935 |a k110 | ||
| LOK | |0 936ln |a 7.1 | ||
| LOK | |0 938 |k p | ||
| LOK | |0 939 |a 25-04-95 |b l01 | ||
| ORI | |a SA-MARC-krimdoka001.raw | ||
| SIG | |a IFK: O I 54 | ||
